Procesos sociales e innovación tecnológica en la agricultura de América Latina /

Gespeichert in:
Bibliographische Detailangaben
1. Verfasser: Piñeiro, Martín E.
Körperschaft: IICA
Weitere Verfasser: Trigo, Eduardo J.
Format: Text
Veröffentlicht: San José: IICA
Tags: Tag hinzufügen
Keine Tags, Fügen Sie den ersten Tag hinzu!

MARC

LEADER 00000 a a2200000 04500
001 25852
003
040
020 |a 92-9039-055-3  
090 |a 173501  
100 |a Piñeiro, Martín E.  
110 |a IICA  
245 |a Procesos sociales e innovación tecnológica en la agricultura de América Latina /  |c Martín E. Piñeiro 
260 |a San José:   |b IICA  
300 |a 566 p  
700 |a Trigo, Eduardo J.  
999 |c 2615  |d 2615